L'Architecture de A à Z - Statistiques

Statistiques générales
  • Ce quiz a été pris 291 fois
    285 depuis la dernière actualisation
  • Le résultat moyen est 13 sur 26
Statistiques - réponses
Indice Réponse % Correct
G Style architectural de nombreuses cathédrales Gothique
92%
C Architecte suisse naturalisé français, de son vrai nom Charles-Édouard Jeanneret-Gris Le {Corbusier}
87%
A Ouvrage destiné à l'adduction et à l'acheminement de l'eau, mis au point par les romains entre autres Aqueduc
85%
D en élément d'architecture qui couvre un édifice de plan en forme de cercle, synonyme de coupole Dôme
83%
S Basilique emblématique de Barcelone conçue par Antoni Gaudí Sagrada Familia
76%
B Mouvement architectura caractérisé par une surabondance et une richesse des détails, jouant également avec les ombres et les lumières Baroque
73%
P Temple grec situé sur l’Acropole d’Athènes Parthénon
73%
Q Aussi bien en bord de Seine qu'en côte Méditerranéenne Quai
69%
N Bloc principal constituant d'une église, allant du portail à l'hémicycle Nef
68%
F Partie effilée et élancée d’un clocher ou d’une tour, typique des églises gothiques Flèche
53%
Y Habitat traditionnel de quelques populations d'Asie centrale Yourte
52%
I Style architectural de la Grèce antique, caractérisé par des colonnes élancées et des chapiteaux ornés de volutes Ionique
46%
J Élément architectural pour accueillir des plantations, intégré aux façades ou aux balcons. Jardinière
44%
L Fenêtre installée sur un toit pour apporter de la lumière dans les combles Lucarne
43%
R Style architectural qui s'est développé au début du XVIIIe principalement en France succédant au baroque et s’en distingue par son raffinement, son caractère léger et ornemental Rococo
43%
Z Architecte reconnue, de son nom Hadid Zaha
38%
W Nom de l'architecte créateur de "la maison sur la cascade", classée à l'UNESCO Frank Lloyd Wright
35%
H Type de pont auquel appartient, entre autres, le viaduc de Millau Pont à {Haubans}
34%
V Autant le nom d'un type spécifique de forteresse que celui de Sébastien Le Prestre, d'elles-mêmes leur concepteur Vauban
34%
U Discipline mayorale, lorsqu'il s'agit de rechercher un équilibre entre le bien-être des habitants, la dynamique économique sans oublier la préservation de l'environnement Urbanisme
32%
K Élément d'architecture légère, du persan "kūšk", voulant dire "petit palais" Kiosque
31%
M Balcon en pierre avec ouvertures permettant de jeter des projectiles, typique des châteaux forts médiévaux Mâchicoulis
25%
T Surface décorative triangulaire ou semi-circulaire située au-dessus d’une porte, souvent sculptée dans les édifices religieux Tympan
23%
X Ville chinoise célèbre pour son architecture ancienne et son armée de soldats en terre cuite Xi'an
21%
E Partie supérieure d'un ordre architectural Entablement
8%
O Fenêtre en saillie sur une façade fréquente dans l’architecture médiévale et Renaissance Oriel
7%
Aucun quiz correspondant
Distribution des résultats
% des personnes avec chaque résultat
Percentile par nombre de réponses
Votre historique - résultats
Vous n’avez pas pris ce quiz depuis la dernière actualisation